<?xml version="1.0" encoding="UTF-8"?><?xml-stylesheet type="text/xsl" href="static/style.xsl"?><OAI-PMH xmlns="http://www.openarchives.org/OAI/2.0/" xmlns:xsi="http://www.w3.org/2001/XMLSchema-instance" xsi:schemaLocation="http://www.openarchives.org/OAI/2.0/ http://www.openarchives.org/OAI/2.0/OAI-PMH.xsd"><responseDate>2026-06-02T09:05:41Z</responseDate><request verb="GetRecord" identifier="oai:riuma.uma.es:10630/25223" metadataPrefix="marc">https://riuma.uma.es/rest/oai/request</request><GetRecord><record><header><identifier>oai:riuma.uma.es:10630/25223</identifier><datestamp>2026-02-03T11:56:13Z</datestamp><setSpec>com_10630_2254</setSpec><setSpec>col_10630_37959</setSpec></header><metadata><record xmlns="http://www.loc.gov/MARC21/slim" xmlns:dcterms="http://purl.org/dc/terms/" xmlns:doc="http://www.lyncode.com/xoai" xmlns:xsi="http://www.w3.org/2001/XMLSchema-instance" xsi:schemaLocation="http://www.loc.gov/MARC21/slim http://www.loc.gov/standards/marcxml/schema/MARC21slim.xsd">
   <leader>00925njm 22002777a 4500</leader>
   <datafield ind2=" " ind1=" " tag="042">
      <subfield code="a">dc</subfield>
   </datafield>
   <datafield ind2=" " ind1=" " tag="720">
      <subfield code="a">López-Martín, Álvaro</subfield>
      <subfield code="e">author</subfield>
   </datafield>
   <datafield ind2=" " ind1=" " tag="720">
      <subfield code="a">Gómez-Calderón, Bernardo</subfield>
      <subfield code="e">author</subfield>
   </datafield>
   <datafield ind2=" " ind1=" " tag="720">
      <subfield code="a">Córdoba-Cabús, Alba</subfield>
      <subfield code="e">author</subfield>
   </datafield>
   <datafield ind2=" " ind1=" " tag="260">
      <subfield code="c">2022</subfield>
   </datafield>
   <datafield ind2=" " ind1=" " tag="520">
      <subfield code="a">El objetivo de esta comunicación estriba en explorar los rasgos que caracterizan los bulos que se difunden a través de medios y redes sociales referidos a la política española, así como las fuentes a las que recurren los fact-checkers para el chequeo de estos mensajes fraudulentos. Para ello, se recabaron todos los bulos referidos a esta temática registrados en las plataformas de verificación Maldita.es, Newtral, Efe Verifica y Verificat entre el 1 de enero y el 31 de marzo de 2022 (n = 86). &#xd;
Los resultados muestran que estos bulos tienen una finalidad eminentemente política/ideológica (84,9%) y se refieren mayoritariamente a cuestiones de ámbito nacional (61,6%) y, en menor medida, autonómica (23,3%). En cuanto a su difusión, se observa que las redes sociales, especialmente Twitter (83,7%) y Facebook (48,8%), tienen un protagonismo destacado, y que confrecuencia se propagan a través de dos o más vías de manera simultánea (55,8%). Este dato cobra aún más relevancia atendiendo a la tipología de las fake news, preponderantemente engaños —hechos de invención absoluta que no tienen ningún vínculo con la realidad— (65,1%). Mayor divergencia se aprecia en cuanto a las fuentes a las que se atribuye la información —suplantadas, 33,72%; anónimas, 32,6%; reales, 30,2%—. En lo relativo al soporte, el texto simple (32,6%) y el texto incrustado en imagen (30,2%) son los formatos mayoritarios; además, para dotar a los textos de mayor verosimilitud, es recurrente la falsificación de contenidos o el uso del nombre de cabeceras contrastadas como El País, ABC o El Mundo. Por su parte, destaca que los bulos se refieren predominantemente a formaciones situadas a la izquierda del arco político, sobre todo PSOE y Unidas Podemos. Finalmente, se constata que para la verificación de estos mensajes los fact-checkers recurren a fuentes mediáticas (44,2%), gubernamentales (41,9%), así como a un amplio repertorio de recursos y herramientas digitales (39,5%).</subfield>
   </datafield>
   <datafield ind1="8" ind2=" " tag="024">
      <subfield code="a">https://hdl.handle.net/10630/25223</subfield>
   </datafield>
   <datafield tag="653" ind2=" " ind1=" ">
      <subfield code="a">Redes sociales</subfield>
   </datafield>
   <datafield tag="653" ind2=" " ind1=" ">
      <subfield code="a">Información</subfield>
   </datafield>
   <datafield ind2="0" ind1="0" tag="245">
      <subfield code="a">Combatir la desinformación: el fact-checking aplicado a los bulos sobre la política española</subfield>
   </datafield>
</record>
</metadata></record></GetRecord></OAI-PMH>